NEUROLOGY AND NEURO SURGERY ILLUSTRATED (Record no. 8797)

MARC details
000 -LEADER
fixed length control field 00515nam a22001817a 4500
005 - DATE AND TIME OF LATEST TRANSACTION
control field 20250910105359.0
008 - FIXED-LENGTH DATA ELEMENTS--GENERAL INFORMATION
fixed length control field 250909b |||||||| |||| 00| 0 eng d
020 ## - INTERNATIONAL STANDARD BOOK NUMBER
ISBN 978-0-443-0957-4
041 ## - LANGUAGE CODE
Language code of text/sound track or separate title eng
082 ## - DEWEY DECIMAL CLASSIFICATION NUMBER
Classification number 616.8 LIN-N
100 ## - MAIN ENTRY--AUTHOR NAME
Personal name LINDSAY,KENNETH W. & BONE, IAN , GUN J . VAN, AND FULLER,GERAINT & CALLENDER, ROBIN
245 ## - TITLE STATEMENT
Title NEUROLOGY AND NEURO SURGERY ILLUSTRATED
250 ## - EDITION STATEMENT
Edition statement 5TH ED. 2010
260 ## - PUBLICATION, DISTRIBUTION, ETC. (IMPRINT)
Place of publication EDIN BURGH
Name of publisher ELSEVIER
Year of publication 2010
300 ## - PHYSICAL DESCRIPTION
Number of Pages 600;P
650 ## - SUBJECT ADDED ENTRY--TOPICAL TERM
Topical Term BPT
942 ## - ADDED ENTRY ELEMENTS (KOHA)
Koha item type Books
Holdings
Lost status Damaged status Collection code Home library Current library Date acquired Source of acquisition Cost, normal purchase price Full call number Accession Number Koha item type
    PHYSIOTHERAPY JRU Library JRU Library 09/09/2025 AMAZONE 3550.00 616.8 28766 Books